Cultura, ética y prensa

Bewaard in:
Bibliografische gegevens
Hoofdauteur: Roura, Víctor (Auteur)
Formaat: Boek
Taal:Spaans
Gepubliceerd in: Ciudad de México Paidós Mexicana 2001
Editie:1a. ed
Reeks:Paidós Croma, 2
Onderwerpen:
Tags: Voeg label toe
Geen labels, Wees de eerste die dit record labelt!

MARC

LEADER 00000nam a2200000 a 4500
001 UCG1997
003 CL-VaPUC
008 100531e20010000MX |||||||||||||||||spa|d
020 |a 9688534811 
082 0 4 |a 302.2  |b ROU  |2 21 
100 0 |a Roura, Víctor  |e author  |9 550168 
245 1 0 |a Cultura, ética y prensa 
250 |a 1a. ed 
300 |a 373 p 
942 |c BK 
945 |d 20100531 00:00:00  |a dcastane 
260 |a Ciudad de México  |b Paidós Mexicana  |c 2001 
650 7 |a COMUNICACION DE MASAS  |2 CL-VaPUC  |9 334823 
650 0 |a Sociedad de masas  |9 268060 
650 7 |a ETICA DE LA COMUNICACION  |2 CL-VaPUC  |9 334574 
650 7 |a PSICOLOGIA DE LA COMUNICACION  |2 CL-VaPUC  |9 332059 
650 0 |a Teoría de la comunicación   |9 260752 
583 |a last modification  |c 20100531 00:00:00  |k Rodrigo Vera 
490 0 |a Paidós Croma, 2 
999 |c 341240  |d 341238 
952 |0 0  |1 0  |4 0  |6 302_200000000000000_ROU_2001  |7 0  |8 A  |9 436611  |a BIBCUR  |b BIBCUR  |d 2019-11-22  |i 4683129  |o 302.2 ROU 2001  |p 4683129  |r 2025-04-22  |w 2019-11-22  |y BK  |k PER